[Event "GER Seniors Derby 17th"]
[Site "Wesel Undeloh"]
[Date "2018.03.17"]
[Round "5"]
[White "Hofmann, Robby"]
[Black "Albert, Gerhard"]
[Result "1-0"]
[WhiteElo "1500"]
[BlackElo "1849"]
[PlyCount "95"]
[EventDate "2018.03.15"]
[EventType "swiss"]
[EventRounds "7"]
[EventCountry "GER"]
[SourceTitle "EXT 2019"]
[Source "ChessBase"]
[SourceDate "2018.10.10"]
[SourceVersion "1"]
[SourceVersionDate "2018.10.10"]
[SourceQuality "1"]

1. e4 e5 2. Nf3 Nf6 3. Nc3 Nc6 4. d3 d5 5. exd5 Nxd5 6. Bd2 Be7 7. Nxd5 Qxd5 8. Be2 0-0 9. 0-0 Bg4 10. h3 Bf5 11. Bc3 Rad8 12. Nd2 Rfe8 13. Bf3 Qe6 14. Bxc6 bxc6 15. Qe2 Bd6 16. Rfe1 Qg6 17. Qf3 Bd7 18. Nc4 Re7 19. Nxe5 Bxe5 20. Rxe5 Rde8 21. Rae1 Re6 22. R1e4 Rxe5 23. Rxe5 f6 24. Ra5 Ra8 25. Bd4 a6 26. a3 Qe8 27. Kh2 Qe6 28. Qg3 Qd6 29. Bc3 c5 30. b4 cxb4 31. Qxd6 cxd6 32. Bxb4 Re8 33. Rxa6 Re2 34. Rxd6 Ba4 35. c4 Rxf2 36. c5 Rc2 37. d4 Bb5 38. Kg1 Kf7 39. Rb6 Ba4 40. d5 Rc1+ 41. Kf2 Rd1 42. Rb7+ Kg6 43. d6 Bc6 44. Rb6 Ba8 45. c6 Rc1 46. d7 Bxc6 47. d8Q Rc2+ 48. Bd2 1-0

[Event "Muensterland Verbandsliga 1314"]
[Site "Germany"]
[Date "2014.02.01"]
[Round "6.8"]
[White "Moor, Daniel"]
[Black "Hofmann, Robby"]
[Result "1/2-1/2"]
[WhiteElo "1447"]
[BlackElo "1511"]
[PlyCount "129"]
[EventDate "2013.09.07"]
[EventType "team-tourn"]
[EventRounds "9"]
[EventCountry "GER"]
[SourceTitle "EXT 2015"]
[Source "ChessBase"]
[SourceDate "2014.11.20"]
[SourceVersion "1"]
[SourceVersionDate "2014.11.20"]
[SourceQuality "1"]
[WhiteTeam "Ochtrup"]
[BlackTeam "Ostbevern Westbevern"]
[WhiteTeamCountry "GER"]
[BlackTeamCountry "GER"]

1. c4 Nf6 2. Nc3 g6 3. g3 Bg7 4. Bg2 0-0 5. Nf3 Nc6 6. d4 d5 7. cxd5 Nxd5 8. 0-0 e6 9. e3 Nde7 10. Bd2 b6 11. Rc1 Bb7 12. Qe2 a5 13. Nb5 Ba6 14. Ne1 Qd7 15. a4 Rac8 16. Nd3 Nd5 17. Bxd5 Qxd5 18. Nf4 Qd7 19. Qf3 Ne5 20. Qd1 c6 21. dxe5 cxb5 22. Bc3 Qxd1 23. Rfxd1 Rc6 24. axb5 Bxb5 25. Bd4 Rfc8 26. Rxc6 Rxc6 27. Nd3 Bxd3 28. Rxd3 b5 29. Rc3 Rxc3 30. Bxc3 a4 31. Kf1 Bf8 32. Ke2 a3 33. b3 a2 34. Kd1 Bb4 35. Ba1 Kf8 36. Kc2 Be1 37. f3 Bf2 38. e4 Bg1 39. h3 Bh2 40. g4 Ke7 41. Kb2 Bxe5+ 42. Kxa2 Bxa1 43. Kxa1 Kd6 44. Kb2 b4 45. Kc2 Ke5 46. Kd3 f5 47. Ke3 h5 48. f4+ Kd6 49. exf5 exf5 50. gxf5 gxf5 51. Kd4 h4 52. Kc4 Kc6 53. Kxb4 Kd5 54. Kc3 Ke4 55. b4 Kxf4 56. b5 Ke5 57. b6 Kd6 58. b7 Kc7 59. Kd3 Kxb7 60. Ke3 Kc7 61. Kf4 Kd7 62. Kxf5 Ke7 63. Kg5 Kf7 64. Kxh4 Kg6 65. Kg4 1/2-1/2

[Event "Muensterland Verbandsliga 0910"]
[Site "Germany"]
[Date "2010.04.17"]
[Round "8.8"]
[White "Just, Sergey"]
[Black "Hofmann, Robby"]
[Result "1-0"]
[WhiteElo "1631"]
[BlackElo "1496"]
[PlyCount "59"]
[EventDate "2009.09.26"]
[EventType "team-tourn"]
[EventRounds "9"]
[EventCountry "GER"]
[SourceTitle "EXT 2011"]
[Source "ChessBase"]
[SourceDate "2010.11.26"]
[SourceVersion "1"]
[SourceVersionDate "2010.11.26"]
[SourceQuality "1"]
[WhiteTeam "Steinfurt"]
[BlackTeam "Ostbevern Westbevern"]
[WhiteTeamCountry "GER"]
[BlackTeamCountry "GER"]

1. d4 Nf6 2. Nf3 g6 3. Bf4 d6 4. e3 Bg7 5. h3 0-0 6. c4 e6 7. Be2 c5 8. 0-0 Nc6 9. Nc3 a6 10. a3 Re8 11. Rb1 Nh5 12. Bh2 cxd4 13. Nxd4 Nxd4 14. exd4 Nf6 15. Bf3 Ra7 16. b4 b6 17. Qa4 a5 18. Bc6 Bd7 19. Bxd7 Qxd7 20. Nb5 Ne4 21. Qc2 d5 22. Nxa7 Qxa7 23. cxd5 exd5 24. Qd3 b5 25. Rfd1 axb4 26. Rxb4 Bf8 27. Rb3 Qa4 28. f3 Nd6 29. Bxd6 Bxd6 30. Rxb5 1-0